<?xml version="1.0" encoding="UTF-8"?><?xml-stylesheet type="text/xsl" href="static/style.xsl"?><OAI-PMH xmlns="http://www.openarchives.org/OAI/2.0/" xmlns:xsi="http://www.w3.org/2001/XMLSchema-instance" xsi:schemaLocation="http://www.openarchives.org/OAI/2.0/ http://www.openarchives.org/OAI/2.0/OAI-PMH.xsd"><responseDate>2026-04-27T21:25:31Z</responseDate><request verb="GetRecord" identifier="oai:uvadoc.uva.es:10324/4590" metadataPrefix="marc">https://uvadoc.uva.es/oai/request</request><GetRecord><record><header><identifier>oai:uvadoc.uva.es:10324/4590</identifier><datestamp>2021-06-29T09:45:18Z</datestamp><setSpec>com_10324_38</setSpec><setSpec>col_10324_852</setSpec></header><metadata><record xmlns="http://www.loc.gov/MARC21/slim" xmlns:doc="http://www.lyncode.com/xoai" xmlns:xsi="http://www.w3.org/2001/XMLSchema-instance" xmlns:dcterms="http://purl.org/dc/terms/" xsi:schemaLocation="http://www.loc.gov/MARC21/slim http://www.loc.gov/standards/marcxml/schema/MARC21slim.xsd">
<leader>00925njm 22002777a 4500</leader>
<datafield tag="042" ind1=" " ind2=" ">
<subfield code="a">dc</subfield>
</datafield>
<datafield tag="720" ind1=" " ind2=" ">
<subfield code="a">Catalina Jiménez, Mercedes</subfield>
<subfield code="e">author</subfield>
</datafield>
<datafield tag="260" ind1=" " ind2=" ">
<subfield code="c">2013</subfield>
</datafield>
<datafield tag="520" ind1=" " ind2=" ">
<subfield code="a">La prevención de la obesidad y el sobrepeso junto con el fomento de hábitos saludables, es de gran relevancia, en la educación de los niños y niñas de nuestro país debido a que esta desencadena peligrosas enfermedades la obesidad está asociada a los nuevos hábitos de vida, entre otros, a la alimentación y al sedentarismo la educación infantil y la educación primaria, pueden y deben hacer algo al respecto en este trabajo fin de grado se ha elaborado un enriquecimiento curricular en una unidad didáctica tipo, basándonos en diferentes programas propuestos por el ministerio de sanidad y consumo, en la que, a aparte de trabajar aspectos motrices, se trabajará, la prevención de obesidad infantil junto con el fomento de hábitos saludables.</subfield>
</datafield>
<datafield tag="024" ind2=" " ind1="8">
<subfield code="a">http://uvadoc.uva.es/handle/10324/4590</subfield>
</datafield>
<datafield ind1=" " ind2=" " tag="653">
<subfield code="a">Educación física</subfield>
</datafield>
<datafield ind1=" " ind2=" " tag="653">
<subfield code="a">Obesidad-Prevención</subfield>
</datafield>
<datafield tag="245" ind1="0" ind2="0">
<subfield code="a">Una propuesta para el enriquecimiento curricular orientada a la prevención de obesidad infantil y el fomento de hábitos saludables</subfield>
</datafield>
</record></metadata></record></GetRecord></OAI-PMH>